[Event "St Ingbert Open"]
[Site "St Ingbert"]
[Date "1988.??.??"]
[Round "6"]
[White "Mathe, Gaspar"]
[Black "Nieuwelink, Kees"]
[Result "1/2-1/2"]
[WhiteElo "2320"]
[BlackElo "2116"]
[PlyCount "70"]
[EventDate "1988.08.20"]
[Source "www.chesslib.no"]
[SourceDate "2004.05.04"]

1. e4 e5 2. f4 exf4 3. Nf3 d6 4. d4 g5 5. Bc4 h6 6. O-O Bg7 7. c3 Be6 8. Bxe6 fxe6 9. Qb3 Qc8 10. e5 d5 11. h4 g4 12. Ne1 h5 13. Nd3 Ne7 14. Nxf4 Nbc6 15. g3 Nf5 16. Ng6 Nxg3 17. Nxh8 Nxf1 18. Qc2 Kd7 19. Ng6 Ng3 20. Bg5 Qe8 21. Nd2 Qf7 22. b4 Nf5 23. b5 Qxg6 24. bxc6+ bxc6 25. Qa4 Rb8 26. Qxa7 Qe8 27. Nb3 Bf8 28. Qa6 Rb6 29. Qd3 Qg6 30. Rf1 Be7 31. Nc5+ Bxc5 32. dxc5 Rb5 33. c4 Rxc5 34. Qg3 Rxc4 35. Qf3 Qe8 1/2-1/2

[Event "Muenster Open"]
[Site "Muenster GER"]
[Date "1993.??.??"]
[Round "9"]
[White "Stopsack, Malte"]
[Black "Van Gisbergen, Stan"]
[Result "1-0"]
[WhiteElo "2030"]
[BlackElo "2385"]
[PlyCount "63"]
[EventDate "1993.10.??"]
[Source "www.chesslib.no"]
[SourceDate "2004.05.04"]

1. e4 e5 2. f4 exf4 3. Nf3 h6 4. Bc4 d6 5. d4 g5 6. O-O Bg7 7. c3 Nc6 8. b4 Nf6 9. Bd3 O-O 10. Qc2 Bg4 11. b5 Ne7 12. Nbd2 Nh5 13. Ba3 Qd7 14. Rae1 Bxf3 15. Nxf3 g4 16. Nd2 Rad8 17. Nc4 Ng6 18. e5 Nh4 19. exd6 g3 20. hxg3 fxg3 21. Ne5 Bxe5 22. Rxe5 Ng7 23. Re7 Qg4 24. Be2 Qg5 25. Re5 f5 26. dxc7 Rde8 27. Bxf8 Rxf8 28. Qd3 Ng6 29. Rexf5 Nxf5 30. Rxf5 Qh4 31. Rxf8+ Kg7 32. Rg8+ 1-0

[Event "HUN-chT 9798"]
[Site "?"]
[Date "1997.??.??"]
[Round "?"]
[White "Pergel Laszlo"]
[Black "Schlusnik Nandor"]
[Result "1/2-1/2"]
[WhiteElo "2180"]
[BlackElo "2225"]
[PlyCount "39"]
[EventDate "1997.??.??"]
[Source "www.chesslib.no"]
[SourceDate "2004.05.04"]

1. e4 e5 2. f4 exf4 3. Nf3 d6 4. Bc4 h6 5. d4 g5 6. O-O Bg7 7. c3 Ne7 8. Bb3 O-O 9. Qd3 Nbc6 10. h4 Ng6 11. e5 d5 12. Bc2 g4 13. h5 gxf3 14. hxg6 fxg2 15. Rxf4 fxg6 16. Qxg6 Rxf4 17. Bxf4 Qh4 18. Qe8+ Bf8 19. Qg6+ Bg7 20. Qe8+ 1/2-1/2

[Event "Gent op 23rd"]
[Site "Gent"]
[Date "2000.??.??"]
[Round "?"]
[White "Wortel, Marten"]
[Black "Erwich, Frans AGM"]
[Result "0-1"]
[WhiteElo "2296"]
[BlackElo "2103"]
[PlyCount "42"]
[EventDate "2000.07.15"]
[Source "www.chesslib.no"]
[SourceDate "2004.05.04"]

1. e4 e5 2. f4 exf4 3. Nf3 d6 4. Bc4 h6 5. d4 g5 6. O-O Bg7 7. g3 Bh3 8. Rf2 Nc6 9. c3 Nf6 10. gxf4 Nxe4 11. Re2 d5 12. Bd3 Qd7 13. Bxe4 O-O-O 14. Kf2 dxe4 15. Rxe4 g4 16. Ng1 Qd5 17. Nd2 f5 18. Nxh3 gxh3 19. Re2 Qg2+ 20. Ke1 Rhe8 21. Nb3 Bxd4 0-1

[Event "Omsk (Russia)"]
[Site "?"]
[Date "2002.??.??"]
[Round "2"]
[White "Yakovlev Mikhail"]
[Black "Outioupine Vladimir"]
[Result "0-1"]
[WhiteElo "2255"]
[BlackElo "2136"]
[PlyCount "130"]
[EventDate "2002.??.??"]
[Source "www.chesslib.no"]
[SourceDate "2004.05.04"]

1. e4 e5 2. f4 exf4 3. Nf3 g5 4. Bc4 Bg7 5. d4 d6 6. h4 h6 7. c3 Nc6 8. hxg5 hxg5 9. Rxh8 Bxh8 10. Qb3 Qe7 11. Qb5 Qxe4+ 12. Kf1 Nge7 13. Bxf7+ Kf8 14. Nxg5 Qf5 15. Qxf5 Bxf5 16. Bxf4 Bd3+ 17. Kf2 Nxd4 18. Na3 Ndc6 19. Rd1 Ba6 20. Bb3 Nd8 21. Rh1 Ng6 22. Be3 Bg7 23. Re1 Ne5 24. Nh7+ Ke7 25. Bd4 Ne6 26. Bxe5 Bxe5 27. Nc4 Bxc4 28. Bxc4 Rg8 29. Rh1 Rg7 30. Bxe6 Kxe6 31. Rh5 Bf4 32. g4 Bc1 33. g5 Bxb2 34. Rh6+ Ke7 35. Rh3 Bc1 36. Kf3 Bxg5 37. Nxg5 Rxg5 38. Rh7+ Kd8 39. Ke3 Rg2 40. a4 Rg4 41. Kd3 Rxa4 42. Kc2 b6 43. Kb2 Kc8 44. Rg7 Kb7 45. Rg5 Rh4 46. Rf5 Kc6 47. Rg5 a6 48. Rf5 d5 49. Kb3 Kc5 50. Rg5 c6 51. Rf5 b5 52. Rf3 a5 53. Ka3 b4+ 54. cxb4+ axb4+ 55. Kb3 Rc4 56. Kb2 Rc3 57. Rf2 Kc4 58. Rh2 d4 59. Rd2 b3 60. Kb1 c5 61. Rh2 Re3 62. Kb2 Rc3 63. Kb1 Rc2 64. Rh4 Kc3 65. Rh1 b2 0-1

[Event "Corr"]
[Site "?"]
[Date "2002.03.10"]
[Round "?"]
[White "Bruschetta Letterio (ITA)"]
[Black "Kozhakin Vladimir Vladimirov"]
[Result "0-1"]
[WhiteElo "2162"]
[BlackElo "2215"]
[PlyCount "84"]
[EventDate "2002.??.??"]
[Source "www.chesslib.no"]
[SourceDate "2004.05.04"]

1. e4 e5 2. f4 exf4 3. Nf3 d6 4. Bc4 h6 5. O-O g5 6. d4 Bg7 7. c3 Nc6 8. g3 g4 9. Nh4 f3 10. Nd2 Nf6 11. b4 O-O 12. h3 d5 13. exd5 Nxd5 14. Bxd5 Qxd5 15. Nb3 Qc4 16. b5 Qxb5 17. hxg4 Bxg4 18. Nxf3 Qc4 19. Bb2 Rfe8 20. Rf2 Re3 21. Nbd2 Qe6 22. Nf1 Bxf3 23. Rxf3 Re2 24. Rf2 Rxf2 25. Kxf2 Re8 26. Kg1 Na5 27. Qa4 Nc4 28. Rb1 Qe4 29. Qd1 b5 30. Ba1 a6 31. Rc1 c5 32. Rc2 Re6 33. dxc5 Bf8 34. c6 Ne5 35. c7 Re8 36. Rg2 Nf3+ 37. Kh1 Ne1 38. Ne3 Qxe3 39. Qg4+ Qg5 40. Qxg5+ hxg5 41. Rd2 Rc8 42. Rd7 Nc2 0-1

[Event "CZE-chTJ 0102"]
[Site "?"]
[Date "2001.??.??"]
[Round "2"]
[White "Herejk Petr"]
[Black "Muron Miroslav"]
[Result "0-1"]
[WhiteElo "2173"]
[BlackElo "2201"]
[PlyCount "52"]
[EventDate "2001.??.??"]
[Source "www.chesslib.no"]
[SourceDate "2004.05.04"]

1. e4 e5 2. f4 exf4 3. Nf3 g5 4. Bc4 Bg7 5. d4 d6 6. O-O h6 7. c3 Ne7 8. g3 Ng6 9. gxf4 gxf4 10. Kh1 Bg4 11. Qb3 O-O 12. Qxb7 Nd7 13. Nbd2 Nf6 14. Qb3 Nh5 15. Rg1 Qd7 16. Qc2 Kh8 17. b4 Rae8 18. Bd3 f5 19. exf5 Bxf5 20. Bxf5 Rxf5 21. Rxg6 Ng3+ 22. Rxg3 fxg3 23. Qd3 Rh5 24. Qg6 Re1+ 25. Nxe1 Rxh2+ 26. Kg1 Rh1+ 0-1

[Event "Tatranske Zruby"]
[Site "?"]
[Date "2006.09.25"]
[Round "4.24"]
[White "Frink Ferencz"]
[Black "Polacik Igor"]
[Result "1/2-1/2"]
[WhiteElo "2256"]
[BlackElo "2118"]
[PlyCount "24"]
[EventDate "2006.??.??"]
[Source "www.chesslib.no"]
[SourceDate "2004.05.04"]

1. e4 e5 2. f4 exf4 3. Nf3 d6 4. Bc4 g5 5. O-O Bg7 6. d4 h6 7. c3 Nc6 8. b4 Nge7 9. Qb3 O-O 10. h3 Ng6 11. Nbd2 h5 12. Bb2 g4 1/2-1/2

[Event "Sant Boi op-A"]
[Site "?"]
[Date "2000.06.16"]
[Round "6"]
[White "Cantero Martin Antoni"]
[Black "Duran Albareda Xavier"]
[Result "0-1"]
[WhiteElo "2168"]
[BlackElo "2187"]
[PlyCount "80"]
[EventDate "2000.??.??"]
[Source "www.chesslib.no"]
[SourceDate "2004.05.04"]

1. e4 e5 2. f4 exf4 3. Nf3 d6 4. d4 g5 5. Bc4 Bg7 6. O-O h6 7. c3 Nc6 8. b4 Nf6 9. b5 Ne7 10. e5 Ne4 11. exd6 cxd6 12. Re1 Nf6 13. Qe2 Bg4 14. Nbd2 Rc8 15. Ba3 b6 16. Rac1 Rc7 17. Bb3 O-O 18. h3 Bh5 19. Ne4 Nxe4 20. Qxe4 Bg6 21. Qe2 Nf5 22. Qe4 Nxd4 23. Bxf7+ Rcxf7 24. Qxg6 Nxb5 25. Bb2 Qf6 26. Qd3 Qf5 27. Qe2 Qc5+ 28. Kh1 d5 29. Qd3 Qc4 30. Qxc4 dxc4 31. a4 Nd6 32. Ba3 Rd8 33. Rcd1 Rfd7 34. Ne5 Bxe5 35. Rxe5 Nf5 36. Rxd7 Ng3+ 37. Kg1 Rxd7 38. Kf2 Rd1 39. Kf3 Kf7 40. Kg4 Kf6 0-1

[Event "Guingamp"]
[Site "?"]
[Date "2002.04.18"]
[Round "4"]
[White "Luco Alain"]
[Black "Picart Laurent"]
[Result "1-0"]
[WhiteElo "2157"]
[BlackElo "2183"]
[PlyCount "69"]
[EventDate "2002.??.??"]
[Source "www.chesslib.no"]
[SourceDate "2004.05.04"]

1. e4 e5 2. f4 exf4 3. Nf3 h6 4. Bc4 d6 5. d4 g5 6. O-O Bg7 7. c3 Nc6 8. g3 Bh3 9. gxf4 Qd7 10. Rf2 O-O-O 11. fxg5 Qg4+ 12. Kh1 hxg5 13. Qd3 Nf6 14. Nxg5 Rde8 15. Bf4 d5 16. Nd2 dxc4 17. Nxc4 Bg2+ 18. Rxg2 Qxf4 19. Rf1 Qh4 20. Nf3 Qh6 21. d5 Nd8 22. e5 Nh5 23. d6 Kb8 24. dxc7+ Kxc7 25. Nd6 Rxe5 26. Qc4+ Nc6 27. Nxf7 Qe3 28. Nxh8 Bxh8 29. Nxe5 Qxe5 30. Rf7+ Kb6 31. Qb3+ Ka5 32. Qd1 Nf4 33. b4+ Kb6 34. Qg1+ Ka6 35. Qf1+ 1-0

[Event "Bahn-chT SW"]
[Site "Friedrichroda"]
[Date "1997.11.01"]
[Round "7.2"]
[White "Mueller, Klaus"]
[Black "Kugelmann, Werner"]
[Result "1-0"]
[WhiteElo "2228"]
[BlackElo "2103"]
[PlyCount "73"]
[EventDate "1997.10.25"]
[Source "www.chesslib.no"]
[SourceDate "2004.05.04"]

1. f4 e5 2. e4 exf4 3. Nf3 d6 4. Bc4 h6 5. d4 g5 6. O-O Bg7 7. g3 Nc6 8. c3 Nf6 9. gxf4 gxf4 10. Bxf4 O-O 11. Bd3 Bh3 12. Re1 Qd7 13. Nh4 Ne7 14. Nd2 Bg4 15. Be2 Bh3 16. Bf3 Rae8 17. Bg3 Nh7 18. Qb3 Ng5 19. Re2 Nxf3+ 20. Ndxf3 b6 21. Rae1 Be6 22. d5 Bg4 23. e5 dxe5 24. Nxe5 Bxe5 25. Rxe5 Nc8 26. Qc4 Rxe5 27. Rxe5 Nd6 28. Qf4 f6 29. Re1 Kg7 30. c4 h5 31. Bf2 Re8 32. Be3 Nf7 33. Rf1 Qe7 34. Bd4 Ne5 35. h3 Bxh3 36. Qg3+ Bg4 37. Nf5+ 1-0

[Event "SVK Team Ch"]
[Site "Slovakia"]
[Date "1994.??.??"]
[Round "?"]
[White "Adamko, Peter"]
[Black "Bartek, Ladislav"]
[Result "1-0"]
[WhiteElo "2130"]
[BlackElo "2200"]
[PlyCount "64"]
[EventDate "1994.??.??"]
[Source "www.chesslib.no"]
[SourceDate "2004.05.04"]

1. e4 e5 2. f4 exf4 3. Nf3 g5 4. Bc4 Bg7 5. g3 h6 6. O-O d6 7. d4 Nc6 8. gxf4 g4 9. d5 Na5 10. Nfd2 Qh4 11. Bd3 Ne7 12. c3 Qh3 13. Qe2 b6 14. Rf2 Ng6 15. Nf1 O-O 16. Ng3 f5 17. Be3 Nb7 18. Qc2 fxe4 19. Bxe4 Nh4 20. Nd2 Nc5 21. Bxc5 bxc5 22. Bd3 Nf3+ 23. Nxf3 gxf3 24. Rxf3 Bg4 25. Rf2 Rae8 26. Qd2 Bd7 27. Re1 c6 28. Rxe8 Rxe8 29. Bf1 Qh4 30. dxc6 Bxc6 31. Qxd6 Ba8 32. Qg6 Qf6 1-0

[Event "06.OIBayEM Bad Wiessee op"]
[Site "?"]
[Date "2002.10.27"]
[Round "2"]
[White "Staudacher Thomas"]
[Black "Lahtela Silvio"]
[Result "0-1"]
[WhiteElo "2089"]
[BlackElo "2240"]
[PlyCount "64"]
[EventDate "2002.??.??"]
[Source "www.chesslib.no"]
[SourceDate "2004.05.04"]

1. e4 e5 2. f4 exf4 3. Nf3 d6 4. Bc4 h6 5. O-O g5 6. d4 Bg7 7. c3 Nf6 8. e5 dxe5 9. Nxe5 Be6 10. Bxe6 fxe6 11. Ng6 Rg8 12. Nd2 Qd5 13. Nf3 Nc6 14. Bxf4 gxf4 15. Nxf4 Qe4 16. Nxe6 Qxe6 17. Re1 Ne4 18. d5 Qg4 19. Qc2 Ne7 20. Rxe4 Qd7 21. Rae1 Bf8 22. Nd4 O-O-O 23. c4 Nf5 24. Ne6 Re8 25. Qb3 Ng7 26. Nxf8 Rgxf8 27. Rxe8+ Rxe8 28. Rf1 Nf5 29. c5 Ne3 30. c6 bxc6 31. dxc6 Qxc6 32. Re1 Qxg2# 0-1

[Event "Pardubice op2"]
[Site "Pardubice CZE"]
[Date "1994.??.??"]
[Round "6"]
[White "Segal, Naum"]
[Black "Rehak, Martin"]
[Result "0-1"]
[WhiteElo "2110"]
[BlackElo "2205"]
[PlyCount "50"]
[EventDate "1994.??.??"]
[Source "www.chesslib.no"]
[SourceDate "2004.05.04"]

1. e4 e5 2. f4 exf4 3. Nf3 g5 4. Bc4 Bg7 5. d4 d6 6. O-O h6 7. Nc3 Ne7 8. h4 Ng6 9. g3 Bh3 10. h5 Bxf1 11. Qxf1 Ne7 12. gxf4 gxf4 13. Nh2 Bxd4+ 14. Kh1 Nbc6 15. Ne2 Qd7 16. c3 Bb6 17. Ng1 d5 18. exd5 Nxd5 19. Qe2+ Nce7 20. Ng4 O-O-O 21. Ne5 Qe6 22. Qg4 Rhg8 23. Qxe6+ fxe6 24. Ngf3 Rg7 25. Bd2 Rdg8 0-1

[Event "BL2-Ost 0203"]
[Site "?"]
[Date "2003.03.30"]
[Round "9.6"]
[White "Roemling Sven"]
[Black "August Christian"]
[Result "0-1"]
[WhiteElo "2186"]
[BlackElo "2128"]
[PlyCount "90"]
[EventDate "2003.??.??"]
[Source "www.chesslib.no"]
[SourceDate "2004.05.04"]

1. e4 e5 2. f4 exf4 3. Nf3 d6 4. d4 g5 5. Bc4 Bg7 6. O-O h6 7. c3 Ne7 8. g3 g4 9. Nh4 f3 10. h3 O-O 11. hxg4 Bxg4 12. Nxf3 Nd7 13. Nbd2 Nf6 14. Bd3 Qd7 15. Rf2 Nh5 16. Nf1 Ng6 17. Kh2 Rae8 18. Ne3 Nf6 19. Qc2 Qe6 20. e5 dxe5 21. Bc4 Qc6 22. Qxg6 Bxf3 23. d5 Qxc4 24. Qxf6 Bxf6 25. Nxc4 e4 26. Bxh6 Bg7 27. Be3 Rd8 28. Nd2 Bg4 29. Nxe4 Rde8 30. Rf4 f5 31. Bc5 Rxe4 32. Rxe4 fxe4 33. Bxf8 Kxf8 34. Re1 Bf3 35. g4 Be5+ 36. Kh3 Kf7 37. Kh4 Kg6 38. c4 Bxb2 39. c5 Ba3 40. d6 cxd6 41. cxd6 Bxd6 42. Rb1 e3 43. Rb3 e2 44. Re3 Bb4 45. Kg3 Bxg4 0-1

[Event "Southfield, Mich."]
[Site "?"]
[Date "1988.05.08"]
[Round "2"]
[White "Moody David"]
[Black "Thompson Dexter"]
[Result "0-1"]
[WhiteElo "2071"]
[BlackElo "2241"]
[PlyCount "22"]
[EventDate "1988.??.??"]
[Source "www.chesslib.no"]
[SourceDate "2004.05.04"]

1. e4 e5 2. f4 exf4 3. Nf3 d6 4. d4 g5 5. Bc4 Bg7 6. O-O h6 7. c3 Nc6 8. Qb3 Qd7 9. e5 Na5 10. Bxf7+ Qxf7 11. Qa4+ Nc6 0-1

[Event "It (Open) Graz AUT"]
[Site "?"]
[Date "2005.09.06"]
[Round "4"]
[White "Schwarhofer Christopher"]
[Black "Dimitriadis Michael"]
[Result "0-1"]
[WhiteElo "2205"]
[BlackElo "2094"]
[PlyCount "96"]
[EventDate "2005.??.??"]
[Source "www.chesslib.no"]
[SourceDate "2004.05.04"]

1. e4 e5 2. f4 exf4 3. Nf3 g5 4. Bc4 Bg7 5. d4 h6 6. Nc3 d6 7. h4 Nc6 8. Qd3 g4 9. Bxf4 gxf3 10. Be3 fxg2 11. Rh2 Bg4 12. Rxg2 Qxh4+ 13. Bf2 Qg5 14. Be3 Qg6 15. Nd5 O-O-O 16. Nf4 Qg5 17. Ne6 Qh4+ 18. Bf2 Qh1+ 19. Rg1 Qxg1+ 20. Bxg1 fxe6 21. Qg3 h5 22. Bxe6+ Kb8 23. Bxg4 hxg4 24. Qxg4 Bxd4 25. Bxd4 Nxd4 26. O-O-O Nc6 27. Qg7 Nge7 28. a3 Rde8 29. c4 Reg8 30. Qf6 Rh2 31. Rxd6 Rgg2 32. Rd1 Rc2+ 33. Kb1 Rxb2+ 34. Ka1 Ra2+ 35. Kb1 b6 36. e5 Rxa3 37. e6 Rb3+ 38. Kc1 Nb4 39. Rd8+ Kb7 40. Rd2 Rxd2 41. Kxd2 Nbc6 42. Kc2 Rb4 43. Kc3 a5 44. Qg5 a4 45. Qg2 Kb8 46. Qf2 Rb3+ 47. Kc2 Nb4+ 48. Kd1 Rb1+ 0-1

[Event "Avoine op 17th"]
[Site "Avoine"]
[Date "2002.07.22"]
[Round "3"]
[White "Huisman, Hugues"]
[Black "Lejarre, Ludovic"]
[Result "0-1"]
[WhiteElo "2002"]
[BlackElo "2223"]
[PlyCount "36"]
[EventDate "2002.07.20"]
[Source "ChessBase"]
[SourceDate "2002.09.11"]

1. e4 e5 2. f4 exf4 3. Nf3 g5 4. Bc4 Bg7 5. d4 d6 6. O-O Nc6 7. c3 h6 8. Re1 Nge7 9. b4 a6 10. Qb3 O-O 11. e5 g4 12. exd6 Qxd6 13. Ne5 Nxe5 14. dxe5 Bxe5 15. Ba3 f3 16. gxf3 Bxh2+ 17. Kh1 Qg3 18. Nd2 Qh3 0-1

[Event "POL Team Ch reg"]
[Site "Poland"]
[Date "1995.??.??"]
[Round "?"]
[White "Malecki, Rafal"]
[Black "Blasiak, Miroslaw"]
[Result "1/2-1/2"]
[WhiteElo "2170"]
[BlackElo "2050"]
[PlyCount "124"]
[EventDate "1995.??.??"]
[Source "www.chesslib.no"]
[SourceDate "2004.05.04"]

1. e4 e5 2. f4 exf4 3. Nf3 g5 4. Bc4 Bg7 5. d4 d6 6. O-O h6 7. g3 Bh3 8. Rf2 Nc6 9. c3 Nf6 10. gxf4 Qd7 11. Nbd2 gxf4 12. Nh4 O-O-O 13. Qf3 Rdf8 14. Qxf4 Nh5 15. Qf3 Bg4 16. Qg2 Bf6 17. Rxf6 Nxf6 18. Qf2 d5 19. Qxf6 dxc4 20. Nf1 Qe7 21. Qxe7 Nxe7 22. Kf2 Ng6 23. Ng2 Re8 24. e5 Be6 25. Nfe3 c6 26. Bd2 Ref8 27. Ke2 f6 28. exf6 Rxf6 29. Rg1 Rhf8 30. Nd1 Bg4+ 31. Ke1 Bxd1 32. Kxd1 h5 33. Ke2 Re8+ 34. Be3 Rfe6 35. Kd2 Kd7 36. Rf1 R8e7 37. Rf2 a6 38. a3 b5 39. Bg5 Re8 40. Rf7+ Kc8 41. Rf2 Kd7 42. Rf7+ Kc8 43. Rf2 Rf8 44. Rxf8+ Nxf8 45. Nf4 Re4 46. h4 Ne6 47. Nxh5 Nxg5 48. hxg5 Rg4 49. Nf6 Rxg5 50. Ne4 Rg2+ 51. Kc1 Kc7 52. Kb1 a5 53. Nc5 Re2 54. Ka2 a4 55. Kb1 Kd6 56. Kc1 Rh2 57. Kb1 Ke7 58. Kc1 Kf6 59. Kb1 Kf5 60. Kc1 Kf4 61. Na6 Ke3 62. Nb4 Rh6 1/2-1/2

[Event "Bern Open"]
[Site "Bern SUI"]
[Date "1988.??.??"]
[Round "?"]
[White "Buerki, P."]
[Black "Metzger"]
[Result "0-1"]
[WhiteElo "2210"]
[BlackElo "1980"]
[PlyCount "56"]
[EventDate "1988.02.??"]
[Source "www.chesslib.no"]
[SourceDate "2004.05.04"]

1. e4 e5 2. f4 exf4 3. Nf3 d6 4. Bc4 h6 5. d4 g5 6. O-O Bg7 7. c3 Ne7 8. g3 Ng6 9. gxf4 gxf4 10. Kh1 Nc6 11. Rg1 Qf6 12. Nbd2 Bd7 13. e5 dxe5 14. Ne4 Qe7 15. d5 O-O-O 16. dxc6 Bxc6 17. Qe2 f5 18. Rxg6 fxe4 19. Ne1 Bf6 20. b3 Kb8 21. Ba3 e3+ 22. Kg1 Qxa3 23. Rxf6 Rd2 24. Qg4 Qb2 25. Bg8 a6 26. Rf8+ Ka7 27. Rd1 Rxd1 28. Qxd1 Qf2# 0-1

[Event "Corr"]
[Site "?"]
[Date "2000.??.??"]
[Round "?"]
[White "Maumey Marc"]
[Black "Bobel Philippe"]
[Result "0-1"]
[WhiteElo "2081"]
[BlackElo "2108"]
[PlyCount "68"]
[EventDate "2000.??.??"]
[Source "www.chesslib.no"]
[SourceDate "2004.05.04"]

1. e4 e5 2. f4 exf4 3. Nf3 g5 4. Bc4 Bg7 5. d4 d6 6. h4 h6 7. c3 Nc6 8. O-O Qe7 9. b4 Bg4 10. Qa4 Bxf3 11. Rxf3 Kf8 12. e5 Bxe5 13. Bb2 g4 14. Rf1 Qxh4 15. Nd2 f3 16. dxe5 Nxe5 17. Bd5 c6 18. Nxf3 gxf3 19. Bxf3 Nf6 20. Qd1 d5 21. Bc1 Re8 22. Be3 Neg4 23. Bf4 Ne3 24. Qd4 Nf5 25. Qd2 Rg8 26. Rfe1 Rxe1+ 27. Rxe1 Rg6 28. a4 Nh7 29. g4 Nf6 30. Re2 Qh5 31. Rh2 Nh4 32. Bd1 Nxg4 33. Bg3 Nxh2 34. Bxh5 N2f3+ 0-1

[Event "Moehnesee"]
[Site "?"]
[Date "2005.08.19"]
[Round "3"]
[White "Potratz Manfred"]
[Black "Schuh Dirk"]
[Result "0-1"]
[WhiteElo "1917"]
[BlackElo "2270"]
[PlyCount "58"]
[EventDate "2005.??.??"]
[Source "www.chesslib.no"]
[SourceDate "2004.05.04"]

1. e4 e5 2. f4 exf4 3. Nf3 g5 4. Bc4 Bg7 5. d4 h6 6. O-O d6 7. c3 Nc6 8. b4 Nf6 9. Nbd2 O-O 10. Bb2 Ng4 11. Qb3 Ne3 12. Rfe1 g4 13. d5 gxf3 14. Nxf3 Ne5 15. Be2 Kh8 16. c4 Rg8 17. Bc1 Nxf3+ 18. Bxf3 Bxa1 19. Bxe3 Be5 20. Bd2 Bg4 21. Re2 Qf6 22. Kf1 Rg7 23. c5 Bd7 24. a4 Rag8 25. b5 dxc5 26. Qc4 b6 27. a5 Bd4 28. e5 Qh4 29. e6 Qxh2 0-1

[Event "Open A"]
[Site "Arco di Trento ITA"]
[Date "2008.10.19"]
[Round "2"]
[White "Tomasi, Diego"]
[Black "Dickhoff, Ronald"]
[Result "0-1"]
[WhiteElo "2002"]
[BlackElo "2175"]
[PlyCount "74"]
[EventDate "2008.10.18"]
[Source "www.chesslib.no"]
[SourceDate "2004.05.04"]

1. e4 e5 2. f4 exf4 3. Nf3 h6 4. Bc4 d6 5. d4 g5 6. O-O Bg7 7. c3 Be6 8. Nbd2 Bxc4 9. Nxc4 Nc6 10. b4 a6 11. Bb2 Nge7 12. d5 Ne5 13. Ncxe5 dxe5 14. c4 Ng6 15. c5 O-O 16. Nd2 Qd7 17. Nc4 Rad8 18. Qb3 f5 19. d6 Kh8 20. dxc7 Qxc7 21. exf5 Rxf5 22. Nd6 Rff8 23. Rad1 Kh7 24. Qd5 Qc6 25. Qxc6 bxc6 26. Ne4 Rd5 27. Nc3 Rd4 28. Rxd4 exd4 29. Ne4 Rb8 30. a3 a5 31. Rb1 axb4 32. Bc1 Re8 33. Nd6 Re1+ 34. Kf2 Rh1 35. axb4 Ne5 36. Ke2 Rxh2 37. Bb2 f3+ 0-1

[Event "Corr"]
[Site "?"]
[Date "2001.04.10"]
[Round "?"]
[White "Hague Ben"]
[Black "Cijs Peter JG"]
[Result "0-1"]
[WhiteElo "2188"]
[BlackElo "1986"]
[PlyCount "56"]
[EventDate "2001.??.??"]
[Source "www.chesslib.no"]
[SourceDate "2004.05.04"]

1. e4 e5 2. f4 exf4 3. Nf3 g5 4. Bc4 Bg7 5. d4 d6 6. Nc3 Nc6 7. O-O h6 8. g3 g4 9. Bxf4 gxf3 10. Qxf3 Nxd4 11. Qh5 Be6 12. Bxe6 Nxe6 13. Be5 Qe7 14. Nd5 Qf8 15. Nxc7+ Nxc7 16. Bxd6 Bd4+ 17. Kg2 Qxd6 18. Qxf7+ Kd8 19. c3 Qe5 20. Rae1 Bc5 21. Rd1+ Bd6 22. Rxd6+ Qxd6 23. Qg7 Qe7 24. Qxh8 Qxe4+ 25. Kg1 Kd7 26. Qg7+ Kc6 27. b4 Ne6 28. b5+ Kb6 0-1

[Event "Politiken Cup"]
[Site "Helsingor DAN"]
[Date "2008.07.19"]
[Round "1"]
[White "Den Heeten, D."]
[Black "Brauner, J."]
[Result "1-0"]
[WhiteElo "2278"]
[BlackElo "1894"]
[PlyCount "43"]
[EventDate "2008.07.19"]
[Source "www.chesslib.no"]
[SourceDate "2004.05.04"]

1. e4 e5 2. f4 exf4 3. Bc4 g5 4. Nf3 Bg7 5. O-O Nc6 6. d4 g4 7. Ne5 Nxe5 8. dxe5 Bxe5 9. Bxf4 Bxf4 10. Rxf4 Nh6 11. Nc3 d6 12. Nd5 Qg5 13. Nxc7+ Kd7 14. Nd5 Kd8 15. Qd4 Re8 16. Raf1 Qe5 17. Qxe5 Rxe5 18. Rf6 Re6 19. Nc3 Rxf6 20. Rxf6 Ng8 21. Rxf7 Ke8 22. Nb5 1-0

[Event "CP.1999.Q.00016"]
[Site "?"]
[Date "2000.??.??"]
[Round "?"]
[White "De Schepper Bart"]
[Black "Makovsky Petr"]
[Result "0-1"]
[WhiteElo "1905"]
[BlackElo "2250"]
[PlyCount "20"]
[EventDate "2000.??.??"]
[Source "www.chesslib.no"]
[SourceDate "2004.05.04"]

1. e4 e5 2. f4 exf4 3. Nf3 g5 4. Bc4 Bg7 5. d4 d6 6. c3 g4 7. Bxf4 Qf6 8. Ng5 Qxf4 9. Nxf7 Qxe4+ 10. Kf2 Qf4+ 0-1

[Event "Regionalliga SW9899"]
[Site "Bayern"]
[Date "1998.??.??"]
[Round "?"]
[White "Kampen, Hans"]
[Black "Kugelmann, Werner"]
[Result "0-1"]
[WhiteElo "2015"]
[BlackElo "2140"]
[PlyCount "86"]
[EventDate "1998.??.??"]
[Source "www.chesslib.no"]
[SourceDate "2004.05.04"]

1. e4 e5 2. f4 exf4 3. Nf3 d6 4. d4 g5 5. Bc4 h6 6. O-O Bg7 7. c3 Nc6 8. b4 Nf6 9. b5 Na5 10. Bd3 O-O 11. Ba3 Re8 12. Bb4 b6 13. Bxa5 bxa5 14. Nbd2 Ng4 15. Nc4 d5 16. exd5 Qxd5 17. Re1 Bd7 18. Nce5 Bxe5 19. Nxe5 Rxe5 20. Rxe5 Nxe5 21. dxe5 Qc5+ 22. Kh1 Qxc3 23. Rc1 Qxe5 24. Bh7+ Kxh7 25. Qxd7 Kg7 26. h3 Re8 27. a4 Re7 28. Qd3 Qe3 29. Qf1 h5 30. Qd1 f5 31. Rc6 Qe1+ 32. Qxe1 Rxe1+ 33. Kh2 Re7 34. Ra6 g4 35. hxg4 fxg4 36. Kg1 h4 37. Rxa7 Kf6 38. Rxa5 g3 39. Kf1 f3 40. Ra6+ Kg5 41. Rc6 h3 42. Rc5+ Kf4 43. Rc4+ Re4 0-1

[Event "Doprastav op"]
[Site "Bratislava"]
[Date "1998.??.??"]
[Round "2"]
[White "Krajnak, Juraj"]
[Black "Bednar, J."]
[Result "0-1"]
[WhiteElo "2200"]
[BlackElo "1955"]
[PlyCount "56"]
[EventDate "1998.??.??"]
[Source "www.chesslib.no"]
[SourceDate "2004.05.04"]

1. e4 e5 2. f4 exf4 3. Nf3 g5 4. Bc4 Bg7 5. d4 d6 6. O-O Be6 7. Bxe6 fxe6 8. c3 h6 9. g3 g4 10. Bxf4 gxf3 11. Qxf3 Qe7 12. e5 d5 13. Bd2 Kd7 14. Qh5 Qe8 15. Rf7+ Ne7 16. g4 Rg8 17. Na3 Nbc6 18. Raf1 Nd8 19. c4 Nxf7 20. Rxf7 Bxe5 21. dxe5 Rxg4+ 22. Kf2 Rg7 23. Rxe7+ Qxe7 24. cxd5 Qf7+ 25. Qxf7+ Rxf7+ 26. Kg3 Rg8+ 27. Kh4 Rf2 28. dxe6+ Kxe6 0-1

[Event "Metz op"]
[Site "Metz"]
[Date "1996.??.??"]
[Round "?"]
[White "Carrillo, Jesus"]
[Black "Chaplin, Erik"]
[Result "0-1"]
[WhiteElo "1910"]
[BlackElo "2245"]
[PlyCount "80"]
[EventDate "1996.04.??"]
[Source "www.chesslib.no"]
[SourceDate "2004.05.04"]

1. e4 e5 2. f4 exf4 3. Nf3 d6 4. Bc4 h6 5. O-O g5 6. d4 Bg7 7. c3 Nc6 8. b4 a6 9. Qb3 Qe7 10. h3 g4 11. hxg4 Bxg4 12. Nbd2 Nf6 13. e5 dxe5 14. dxe5 Nd7 15. Re1 Ncxe5 16. Ba3 b5 17. Bd5 Be6 18. Nd4 Bxd5 19. Qxd5 O-O 20. Qe4 Qf6 21. Nf5 Rae8 22. Nxg7 Qxg7 23. Qf5 Re6 24. Bb2 Rg6 25. Re2 Rf6 26. Qh3 f3 27. Rf2 Nd3 28. Rxf3 Rxf3 29. Nxf3 Nxb2 30. Qxd7 Qxc3 31. Rf1 Qe3+ 32. Kh1 Qd3 33. Qg4+ Qg6 34. Qe4 Qg7 35. Qf4 Nd3 36. Qxc7 Nxb4 37. Ne5 Nd5 38. Qd6 Ne3 39. Rf2 Nc4 40. Qc7 Nxe5 0-1